000 00850nam a2200229Ia 4500
003 OSt
005 20220918110701.0
006 a|||||r|||| 00| 0
007 ta
008 220915b |||||||| |||| 00| 0 hin d
024 _a92,464
037 _cReference Collections
040 _aARTS
_cARTS
_bhin
041 _2hin
_ahin
082 _aN, M4(RR)
100 _aचतुर्वेदी, जगदीश चन्द्र, ले.
_98983
245 0 _aहिन्दी में ललित - कला साहित्य
246 _aHindī mean lalit - kalā sāhitya
260 _aइलाहाबाद
_bसाहित्य संगम भारत
_c1984
942 _hN, M4(RR)
_cREF
999 _c113998
_d113998